000 00361nam a22001331i 4500
001 183640
003 ES-MaACL
005 20230906221935.0
008 140911d19101920fr |||| | spa d
245 0 0 _aSalubridad del Brasil.
260 _aParis :
_b[s.n.,
_c191?] (
_fTip. Aillaud y Cie.)
300 _a31 p., 3 map. ;
_c19 cm.
852 _aES-MaACL
_jT-1249-F-3
999 _c183640
_d183640